| 000 | 00775cam a22002294a 4500 | ||
|---|---|---|---|
| 020 | _a0814716547 (cloth : alk. paper) | ||
| 020 | _a9780814716540 | ||
| 040 | _cDLC | ||
| 082 | 0 | 0 | _a340 NUP 2006 C150 Or. |
| 245 | 0 | 0 |
_aLaw and class in America : _btrends since the Cold War / |
| 260 |
_aNew York : _bNew York University Press, _cc2006. |
||
| 300 |
_avii, 432 p. : _bill. ; _c24 cm. |
||
| 650 | 0 | _aLaw | |
| 650 | 0 | _aLaw | |
| 650 | 0 | _aSociological jurisprudence. | |
| 700 | 1 | _aCarrington, Paul D., | |
| 700 | 1 | _aJones, Trina, | |
| 856 | 4 | 1 | _uhttp://www.loc.gov/catdir/toc/ecip066/2006001468.html |
| 856 | 4 | 2 | _uhttp://www.loc.gov/catdir/enhancements/fy0730/2006001468-d.html |
| 856 | 4 | 2 | _uhttp://www.loc.gov/catdir/enhancements/fy0734/2006001468-b.html |
| 942 | _cAEDBB | ||
| 999 |
_c18670 _d18670 |
||